Maintenance levels-of-service guidelines / (Record no. 547532)

000 -LEADER
fixed length control field 01094cam a2200241 i 4500
020 ## - INTERNATIONAL STANDARD BOOK NUMBER
International Standard Book Number 0309030285 (pbk.) :
022 ## - INTERNATIONAL STANDARD SERIAL NUMBER
International Standard Serial Number 0309030285
082 00 - DEWEY DECIMAL CLASSIFICATION NUMBER
Classification number 625.76
Author Mark MAI
-- Donation
110 2# - MAIN ENTRY--CORPORATE NAME
Corporate name or jurisdiction name as entry element Woodward-Clyde Consultants.
9 (RLIN) 43716
245 10 - TITLE STATEMENT
Title Maintenance levels-of-service guidelines /
Statement of responsibility, etc. R. Kulkarni ... [et al.] ; Woodward-Clyde Consultants.
260 ## - PUBLICATION, DISTRIBUTION, ETC.
Place of publication, distribution, etc. Washington, D.C. :
Name of publisher, distributor, etc. Transportation Research Board, National Research Council,
Date of publication, distribution, etc. [1980]
300 ## - PHYSICAL DESCRIPTION
Extent 118 p. :
Other physical details ill. ;
Dimensions 28 cm.
490 1# - SERIES STATEMENT
Series statement Report - National Cooperative Highway Research Program ; 223
500 ## - GENERAL NOTE
General note "Project 14-5 FY '78."
500 ## - GENERAL NOTE
General note "Research sponsored by the American Association of State Highway and Transportation Officials in cooperation with the Federal Highway Administration."
526 ## - STUDY PROGRAM INFORMATION NOTE
Program name 0
Interest level 0
Reading level 0
Title point value 625_760000000000000_MAI
650 #0 - SUBJECT ADDED ENTRY--TOPICAL TERM
Topical term or geographic name entry element MCE
9 (RLIN) 379
650 #0 - SUBJECT ADDED ENTRY--TOPICAL TERM
Topical term or geographic name entry element Roads
Geographic subdivision United States
General subdivision Maintenance and repair
-- Management.
9 (RLIN) 21348
700 1# - ADDED ENTRY--PERSONAL NAME
Personal name Kulkarni, R.
9 (RLIN) 43717
710 1# - ADDED ENTRY--CORPORATE NAME
Corporate name or jurisdiction name as entry element United States.
9 (RLIN) 21185
710 2# - ADDED ENTRY--CORPORATE NAME
Corporate name or jurisdiction name as entry element American Association of State Highway and Transportation Officials.
9 (RLIN) 19553
942 ## - ADDED ENTRY ELEMENTS (KOHA)
Source of classification or shelving scheme
Koha item type Book
Holdings
Withdrawn status Lost status Source of classification or shelving scheme Damaged status Not for loan Permanent Location Current Location Date acquired Total Checkouts Full call number Barcode Date last seen Price effective from Koha item type
          Military College of Engineering (MCE) Military College of Engineering (MCE) 07/21/2014   625.76 MAI MCE-42101 07/21/2014 07/21/2014 Book
© 2023 Central Library, National University of Sciences and Technology. All Rights Reserved.